Loading...
Current Events | 1 | 20.00 | 100% | 100% | 0% |
Fine Arts - Classical Music | 4 | 17.50 | 100% | 75% | 0% |
Fine Arts - Other Fine Arts | 7 | 14.29 | 71% | 43% | 29% |
History - American History | 2 | 20.00 | 100% | 50% | 50% |
History - European History | 5 | 20.00 | 100% | 80% | 20% |
History - Other History | 2 | 25.00 | 100% | 100% | 50% |
History - World History | 5 | 20.00 | 100% | 60% | 40% |
Literature - American Literature | 3 | 10.00 | 67% | 33% | 0% |
Literature - British Literature | 5 | 8.00 | 60% | 20% | 0% |
Literature - European Literature | 1 | 10.00 | 100% | 0% | 0% |
Literature - World Literature | 3 | 10.00 | 100% | 0% | 0% |
Mythology | 4 | 17.50 | 75% | 100% | 0% |
Painting/Sculpture | 2 | 15.00 | 100% | 50% | 0% |
Philosophy | 2 | 25.00 | 100% | 50% | 100% |
Pop Culture | 3 | 10.00 | 67% | 33% | 0% |
Religion | 5 | 14.00 | 80% | 40% | 20% |
Science - Biology | 2 | 25.00 | 100% | 100% | 50% |
Science - Chemistry | 4 | 22.50 | 100% | 100% | 25% |
Science - Other Science | 3 | 26.67 | 100% | 100% | 67% |
Science - Physics | 3 | 26.67 | 100% | 100% | 67% |
Social Science | 1 | 20.00 | 100% | 100% | 0% |